Statistiques concernant Les professions citées dans "Etre une femme"

Cliquez ici pour prendre le quiz!

Statistiques générales

  • Ce quiz a été pris 32 fois
  • Le résultat moyen est 6 sur 25

Statistiques - réponses

InitialeProfession% Correct
PPompier
58%
BBanquière
46%
AAgent secret
42%
MMannequin
42%
PPDG
38%
CChirurgien-esthétique
35%
CCinéaste
35%
DDirecteur de cabinet
35%
PPoète
35%
EEcrivain
27%
FFlic
27%
GGardien de la paix
23%
GGénérale d'infanterie
23%
CChauffeur de car
19%
CContremaîtresse
19%
GGardienne de prison
19%
CConducteur d'autobus
15%
GGénérale d'aviation
15%
CChanteuse
12%
PPilote de long courriers
12%
PPrésidente de la République
8%
SStrip-teaseuse
8%
CCapitaine de société
0%
FForte des halles
0%
VVendeuses aux puces
0%

Distribution des résultats

Percentile par nombre de réponses

% des personnes avec chaque résultat

Votre développement - résultats

Vous n’avez pas pris ce quiz